Y-3 BİR ÖMÜR NASIL YAŞANIR (Record no. 588686)

MARC details
000 -LEADER
sabit uzunluktaki kontrol alanı 00281nam a2200109Ia 4500
001 - KONTROL NUMARASI
kontrol alanı 588686
005 - EN SON İŞLEMİN TARİH VE ZAMANI
kontrol alanı 20250717120836.0
008 - SABİT-UZUNLUKTA VERİ ÖĞELERİ--GENEL BİLGİ
sabit uzunluktaki kontrol alanı 250717s9999 xx 000 0 und d
245 #0 - ESER / YAZAR
ESER ADI Y-3 BİR ÖMÜR NASIL YAŞANIR
Yazar Adı İLBER ORTAYLI
260 ## - YAYIN, DAĞITIM, VB.
YAYIN EVİ KRONİK YAYINLARI
Yayın, dağıtım tarihi, vb. 2020
300 ## - FİZİKSEL AÇIKLAMA
Diğer fiziksel ayrıntılar 285

No items available.